000
00312nam a2200133Ia 4500
008
150301s2015 xx 000 0 und d
082
_a
615.19
_b
P09S
100
_a
SIDDIQUI, ANUS .A
245
_a
PHAARMACEUTICAL CHEMISTRY-|
260
_b
BIRLA PUB
300
_a
224
650
_a
CHEMISTRY
942
_2
ddc
_c
BK
_0
1
999
_c
7244
_d
7244